| 000 | 00667nam a2200217Ia 4500 | ||
|---|---|---|---|
| 003 | IT-RoPAU | ||
| 008 | 120407s9999 xx 000 0 und d | ||
| 040 | _aIT-RoPAU | ||
| 040 | _cIT-RoPAU | ||
| 041 | _aita | ||
| 100 | _aFrancesco Spedalieri | ||
| 245 | _aMaria nella Scrittura e nella tradizione primitiva | ||
| 250 | _aRoma | ||
| 260 | _aHerder Litotipografia romana | ||
| 260 | _c1969 | ||
| 300 | _c24 cm | ||
| 490 | _v1 | ||
| 600 | _a"Vol. I. Studio diretto sulle fonti. 1969 pp. 503 Tav. 4 1 - Madonna , Testimonianze bibliche. 2 - Mariologia Sec. I-VII. 232.91 BNI 69- 5678 V. 2 I, II p." | ||
| 942 | _cBK | ||
| 999 |
_c329 _d329 |
||